Nueva especie de Burmeistera (<Campanulaceae>) de Colombia (Registro nro. 14680)

Detalles MARC
000 -CABECERA
Campo de control 003580000a22001210004500
090 ## - CLASIFICACIÓN LOCAL
Colección AS
Consecutivo Seriadas
041 0# - IDIOMA
Código de idioma para texto/pista de sonido o título separado
100 1# - ASIENTO PRINCIPAL--NOMBRE PERSONAL
Nombre personal Lozano Contreras, Gustavo
245 10 - MENCION DE TITULO
Título Nueva especie de Burmeistera (<Campanulaceae>) de Colombia
700 1# - ASIENTO SECUNDARIO - NOMBRE PERSONAL
Nombre personal Galeano Garcés, Gloria
773 1# - Item fuente:
Título Caldasia
Especificación de materiales 45
Descripción física 71-75
Paginas del Articulo 53-69
Lugar, editorial y fecha de publicación 1986
Información sobre la relación 15
942 ## - ELEMENTOS ADICIONALES (KOHA)
Tipo de ítem Artículo

No hay ítems disponibles.